000 01422nam a2200289 a 4500
001 BRCA_2448
005 20190320203820.0
008 181108s1810----fr-#---###---#000-0dspa-u
041 _aspa
044 _afr
084 _a087
_b.T68
_c1810
100 1 _aCervantes Saavedra, Miguel de
_d1547-1616
_9213
245 1 0 _aEl Ingenioso Hidalgo Don Quixote de la Mancha
_ccompuesto por Miguel de Cervantes Saavedra.
260 _aLeón (Francia)
_bTournachon-Molin
_c1810
300 _a4 v.
_c17 cm.
500 _aContenido : v 1. Primera parte. Advertencia del editor. Noticia y sobre la vida y obra de Cervantes por J. M. Quintana. Dedicatoria del autor. Prólogo del autor. Versos preliminares. Texto. -- v 2. Texto. -- v 3. Segunda parte. Dedicatoria del autor. Prólogo del autor. Texto. -- v 4. Texto
500 _aCopia de la edición de Burdeos, impresa por J. Pinard, en 1804. Aunque en letra pequeña, los tipos son muy claros y está bien impresa. Edición económica Lúdovik Osterc
500 _aQM69
650 1 4 _aNovela española
_yÉpoca clásica, 1500-1700
_9215
650 1 4 _aLiteratura española
_yÉpoca clásica, 1500-1700
_9216
650 1 4 _aNovela española
_ySiglo XVII
_9217
650 1 4 _aDon Quijote (Personaje ficticio)
_eNovela
_9218
700 1 _aQuintana, José Manuel
_d1772-1857
_eBiógrafo
_97147
740 0 _aEl Ingenioso Hidalgo Don Quijote de la Mancha
902 _aQFM
942 _2lcc
_cB
999 _c2189
_d2189